The Japanese House Reinvented / (Record no. 8594)

MARC details
000 -LEADER
fixed length control field 00647nam a22001817a 4500
003 - CONTROL NUMBER IDENTIFIER
control field OSt
005 - DATE AND TIME OF LATEST TRANSACTION
control field 20260308132005.0
008 - FIXED-LENGTH DATA ELEMENTS--GENERAL INFORMATION
fixed length control field 260308b |||||||| |||| 00| 0 eng d
020 ## - INTERNATIONAL STANDARD BOOK NUMBER
International Standard Book Number 9780500293232
040 ## - CATALOGING SOURCE
Transcribing agency n
082 ## - DEWEY DECIMAL CLASSIFICATION NUMBER
Classification number 720 J66 2017
100 ## - MAIN ENTRY--PERSONAL NAME
Personal name Jodidio, Philip
245 ## - TITLE STATEMENT
Title The Japanese House Reinvented /
Statement of responsibility, etc. Philip Jodidio.
260 ## - PUBLICATION, DISTRIBUTION, ETC.
Name of publisher, distributor, etc. London, United Kingdom. Thames & Hudson Ltd. 2017
300 ## - PHYSICAL DESCRIPTION
Extent 288 pages : illustrated (color throughout) ; approx. 28 cm
650 ## - SUBJECT ADDED ENTRY--TOPICAL TERM
Source of heading or term Architecture — Japan — Residential architecture • Contemporary architecture — Houses • Architectural design and innovation
942 ## - ADDED ENTRY ELEMENTS (KOHA)
Source of classification or shelving scheme Dewey Decimal Classification
Koha item type English Book
Suppress in OPAC No
Holdings
Withdrawn status Lost status Source of classification or shelving scheme Damaged status Not for loan Home library Current library Date acquired Total Checkouts Full call number Barcode Date last seen Price effective from Koha item type
    Dewey Decimal Classification     CENTRAL TUWAIQ 03/08/2026   720 J66 2017 1000000027011 03/08/2026 03/08/2026 English Book